[Event "Rostock  PSV op 04th"]
[Site "Rostock"]
[Date "2004.08.26"]
[Round "2"]
[White "Ruebensam, Helmut"]
[Black "Bauer, Burkhardt"]
[Result "1-0"]
[WhiteElo "2184"]
[BlackElo "1977"]
[PlyCount "101"]
[EventDate "2004.08.26"]
[EventType "swiss"]
[EventRounds "7"]
[EventCountry "GER"]
[SourceTitle "EXT 2007"]
[Source "ChessBase"]
[SourceDate "2006.11.23"]
[SourceVersion "1"]
[SourceVersionDate "2006.11.23"]
[SourceQuality "1"]

1. e4 c5 2. c3 d6 3. d4 Nd7 4. Nf3 Qc7 5. Bd3 e5 6. 0-0 Ngf6 7. a4 Be7 8. Na3 0-0 9. Qe2 Re8 10. Nb5 Qb8 11. d5 Nf8 12. h3 Ng6 13. Nh2 Bd7 14. c4 h6 15. Nc3 Qc8 16. Bc2 Nh7 17. Ra3 Qd8 18. Qd3 Bg5 19. Ne2 Bxc1 20. Rxc1 Qg5 21. Qg3 Nf4 22. Nxf4 exf4 23. Qxg5 Nxg5 24. f3 f6 25. a5 Nf7 26. Ba4 Bxa4 27. Rxa4 Rab8 28. b4 Rec8 29. b5 h5 30. Ra3 Ne5 31. Kf2 Kf7 32. Rac3 Rg8 33. Rg1 g5 34. Nf1 Rg7 35. Nd2 Rf8 36. Kf1 g4 37. hxg4 hxg4 38. Rh1 g3 39. Ke2 Ng6 40. Rcc1 Rh8 41. Rxh8 Nxh8 42. Rh1 Kg8 43. Rh6 Rg6 44. Rh4 Nf7 45. Rxf4 Rh6 46. Rg4+ Kf8 47. f4 Rh1 48. Nf1 f5 49. exf5 Nh6 50. Rg6 Ke7 51. Nxg3 1-0